Statistics for Countries Voting US Recognition of Jerusalem as Israel Capital is Null and Void

Click here to take the quiz!

General Stats

  • This quiz has been taken 110 times
  • The average score is 99 of 128

Answers on the Map

Answers color-coded by a green-red scale on the quiz's map according to % correct below.
 

Answer Stats

Country% Correct
United Kingdom
97%
Russia
92%
France
90%
China
89%
Spain
89%
Iran
88%
Iraq
88%
Brazil
87%
Germany
87%
Ireland
87%
Jordan
87%
Saudi Arabia
87%
Italy
86%
Syria
86%
Turkey
86%
Belgium
85%
Egypt
85%
India
85%
Portugal
85%
Yemen
85%
Finland
84%
Norway
84%
Oman
84%
Sweden
84%
Cuba
83%
Iceland
83%
Japan
83%
Pakistan
83%
South Africa
83%
United Arab Emirates
83%
Algeria
82%
Austria
82%
Bulgaria
82%
Chile
82%
Denmark
82%
Morocco
82%
Netherlands
82%
Sudan
82%
Afghanistan
81%
Indonesia
81%
Kazakhstan
81%
Libya
81%
North Korea
81%
Peru
81%
Bangladesh
80%
Chad
80%
Estonia
80%
South Korea
80%
Thailand
80%
Tunisia
80%
Albania
79%
Congo
79%
Ecuador
79%
Mali
79%
Nepal
79%
Venezuela
79%
Cambodia
78%
Ethiopia
78%
Greece
78%
Kuwait
78%
Malaysia
78%
New Zealand
78%
Niger
78%
Nigeria
78%
Qatar
78%
Somalia
78%
Switzerland
78%
Uruguay
78%
Guyana
77%
Lithuania
77%
Madagascar
77%
Mauritania
77%
Slovenia
77%
Vietnam
77%
Armenia
76%
Lebanon
76%
Luxembourg
76%
Namibia
76%
Serbia
76%
Tajikistan
76%
Bahrain
75%
Bolivia
75%
Eritrea
75%
Kyrgyzstan
75%
Laos
75%
Slovakia
75%
Sri Lanka
75%
Uzbekistan
75%
Angola
74%
Azerbaijan
74%
Macedonia
74%
Malta
74%
Mozambique
74%
Suriname
74%
Gambia
73%
Montenegro
73%
Nicaragua
73%
Cyprus
72%
Ghana
72%
Papua New Guinea
72%
Zimbabwe
72%
Andorra
71%
Belarus
71%
Botswana
71%
Dominica
71%
Liechtenstein
71%
Mauritius
71%
Burkina Faso
70%
Costa Rica
70%
Gabon
70%
Cabo Verde
69%
Comoros
69%
Côte d'Ivoire
69%
Guinea
69%
Liberia
69%
Maldives
69%
Tanzania
69%
Djibouti
68%
Senegal
68%
Seychelles
67%
Belize
66%
Monaco
66%
Brunei
64%
Burundi
64%
Singapore
64%
Barbados
62%
Saint Vincent and
the Grenadines
58%
Grenada
57%

Score Distribution

Percentile by Number Answered

Percent of People with Each Score

Your Score History

You have not taken this quiz